Loading...
| Science - Physics | 0 | 6 | 1 | 0 | 55 | 52 | 70.00 | 0 | 3 | 25.16 | 43.18 |
| Science - Chemistry | 0 | 4 | 0 | 0 | 40 | 77 | 97.25 | 0 | 0 | 5.10 | 15.83 |
| Science - Biology | 0 | 3 | 0 | 1 | 30 | 69 | 84.00 | 0 | 1 | 7.30 | 20.00 |
| Science - Other | 0 | 2 | 0 | 2 | 20 | 101 | 110.50 | 0 | 1 | 0.98 | 8.33 |
| History - Other | 0 | 1 | 0 | 0 | 10 | 108 | 108.00 | 0 | 0 | 1.69 | 5.00 |
| Literature - European | 0 | 1 | 0 | 0 | 10 | 82 | 82.00 | 0 | 0 | 4.01 | 3.64 |
| Philosophy | 0 | 1 | 0 | 1 | 10 | 122 | 122.00 | 0 | 0 | 0.00 | 0.83 |
| Current Events | 0 | 1 | 0 | 0 | 10 | 34 | 34.00 | 0 | 1 | 36.82 | 45.83 |
| Fine Arts - Classical Music | 0 | 1 | 0 | 0 | 10 | 114 | 114.00 | 0 | 0 | 0.58 | 2.50 |
| Fine Arts - Other | 0 | 1 | 0 | 1 | 10 | 129 | 129.00 | 0 | 0 | 0.00 | 0.83 |
| Geography | 0 | 1 | 0 | 0 | 10 | 82 | 82.00 | 0 | 0 | 18.70 | 36.36 |
| Religion | 0 | 1 | 0 | 1 | 10 | 109 | 109.00 | 0 | 0 | 0.00 | 0.83 |
| Social Science | 0 | 1 | 0 | 0 | 10 | 120 | 120.00 | 0 | 0 | 0.00 | 0.83 |
| Literature - World | 0 | 1 | 1 | 1 | 5 | 142 | 142.00 | 0 | 0 | 0.00 | 3.33 |
| Other Academic | 0 | 0 | 1 | 0 | -5 | 0.00 | 0 | 0 | 0.00 | 0.00 | |
| Literature - American | 0 | 0 | 1 | 0 | -5 | 0.00 | 0 | 0 | 0.00 | 0.00 | |
| Popular Culture | 0 | 0 | 1 | 0 | -5 | 0.00 | 0 | 0 | 0.00 | 0.00 | |
| History - European | 0 | 0 | 1 | 0 | -5 | 0.00 | 0 | 0 | 0.00 | 0.00 |